00548nam a2200181Ia 4500008004100000020001800041082002500059100002100084245010000105250001800205260004600223260002000269260000900289300001000298650001000308650002600318650002200344260428s9999 xx 000 0 und d a9789561419766 a361.983 S241ch 2016  aSapelli, Claudio 0aChile: ¿Más equitativo?: una mirada a la dinámica social del Chile de ayer, hoy y mañana a2a. edición aEdiciones Universidad Católica de Chile bSantiago, Chile c2016 a178p. aChile aCondiciones sociales  aPolítica social